|
|
|
|
| LEADER |
03128nam a2200469 a 4500 |
| 001 |
EBC515401 |
| 003 |
MiAaPQ |
| 005 |
20200520144314.0 |
| 006 |
m o d | |
| 007 |
cr cn||||||||| |
| 008 |
090911s2010 nyu sb 001 0 eng |
| 010 |
|
|
|z 2009035975
|
| 020 |
|
|
|z 9780415549172 (hardback : alk. paper)
|
| 020 |
|
|
|z 0415549175 (hardback)
|
| 020 |
|
|
|a 0203856430 (electronic bk.)
|
| 020 |
|
|
|a 9780203856437 (electronic bk.)
|
| 035 |
|
|
|a (MiAaPQ)EBC515401
|
| 035 |
|
|
|a (Au-PeEL)EBL515401
|
| 035 |
|
|
|a (CaPaEBR)ebr10389432
|
| 035 |
|
|
|a (CaONFJC)MIL258990
|
| 035 |
|
|
|a (OCoLC)630537958
|
| 040 |
|
|
|a MiAaPQ
|c MiAaPQ
|d MiAaPQ
|
| 043 |
|
|
|a a-ii---
|
| 050 |
|
4 |
|a HN49.C6
|b D48 2010
|
| 082 |
0 |
4 |
|a 307.1/4095483
|2 22
|
| 245 |
0 |
0 |
|a Development, democracy and the state
|h [electronic resource] :
|b critiquing the Kerala model of development /
|c edited by K. Ravi Raman.
|
| 260 |
|
|
|a New York, N.Y. :
|b Routledge,
|c 2010.
|
| 300 |
|
|
|a viii, 262 p.
|
| 490 |
1 |
|
|a Routledge contemporary South Asia series
|
| 504 |
|
|
|a Includes bibliographical references and index.
|
| 505 |
0 |
|
|a Caste, public action, and the Kerala model / KT Rammohan -- "Community" as de-imagining nation : relocating Narayana Guru and Ezhava movement in Kerala / J. Reghu -- Negotiating the Hindu state and nationalism : Travails in the making of a community / M.M.Khan -- Freedom, economic reform, and the Kerala "model" / M.A.Oommen -- On the periphery : Muslims and the Kerala model / M. Kabir -- Learning to learn : Dalit education in Kerala / Roshni Padmanabhan -- Revisiting the Kerala model : challening good health at low cost? / Caroline Wilson -- Asian Development Bank, conditionalities, and social democratic governance : Kerala model under pressure? / K Ravi Raman -- The conjuncture of "late socialism" in Kerala : a critique of the narrative of social democracy / Nissim Mannathukkaren -- Empowerment or politicization? : the limits of gender inclusiveness of Kerala's political decentralization / J. Devika and Binitha V. Thampi -- The institutionalization of dowry : feminine identity, conjugal patronage, and development / Praveena Kodoth -- "Caring" cosmopolitans and global migration : feminisation of migration / Shoba Arun -- Adivasi workers' struggles and the Kerala model of development : interpreting the past, confronting the present / Luisa Steur -- Social space, civil society, and transformative politics of new social movements in Kerala / T.T. Sreekumar.
|
| 533 |
|
|
|a Electronic reproduction. Ann Arbor, MI : ProQuest, 2015. Available via World Wide Web. Access may be limited to ProQuest affiliated libraries.
|
| 650 |
|
0 |
|a Community development
|z India
|z Kerala.
|
| 650 |
|
0 |
|a Welfare economics.
|
| 650 |
|
0 |
|a Social choice
|z India
|z Kerala.
|
| 650 |
|
0 |
|a Democracy
|z India
|z Kerala.
|
| 651 |
|
0 |
|a Kerala (India)
|x Economic policy
|y 21st century.
|
| 655 |
|
4 |
|a Electronic books.
|
| 700 |
1 |
|
|a Ravi Raman, K.
|
| 710 |
2 |
|
|a ProQuest (Firm)
|
| 830 |
|
0 |
|a Routledge contemporary South Asia series.
|
| 856 |
4 |
0 |
|u https://ebookcentral.proquest.com/lib/matrademy/detail.action?docID=515401
|z Click to View
|